Statistiques concernant Chinois : mots aléatoires du HSK-1 #1

Cliquez ici pour prendre le quiz!

Statistiques générales

  • Ce quiz a été pris 486 fois
    (318 depuis la dernière actualisation)
  • Le résultat moyen est 17 sur 30

Statistiques - réponses

HintPinyinRéponse% Correct
èrdeux
100%
grand
100%
je, moi
100%
liùsix (6)
100%
un
100%
中国ZhōngguóChine
95%
huit
95%
爸爸bàbapapa
95%
quatre (4)
95%
shuǐeau
94%
et, union, paix
94%
妈妈māmamère, maman
94%
cinq (5)
90%
北京BěijīngPékin
90%
àiaimer
89%
再见zàijiànau-revoir
89%
明天míngtiāndemain
89%
谢谢xièxiemerci
89%
jiǔneuf (9)
89%
cháthé
89%
sāntrois
89%
il, lui
88%
shūlivre
87%
aller, se débarrasser de
86%
我们wǒmennous
86%
女儿nǚérfille
85%
jiāmaison, famille
85%
老师lǎoshīprofesseur, enseignant
85%
xiǎopetit
84%
对不起duìbuqǐje suis désolé
83%
hǎobon, gentil
82%
zàià
81%
zhèce
81%
shìêtre, oui
81%
朋友péngyouami
80%
学习xuéxíétudier
80%
tu
80%
elle
79%
chīmanger
79%
língzéro
79%
suìannées, âge
76%
jiàoappeler, crier, ordonner
76%
今天jīntiānaujourd'hui
76%
māochat
76%
学生xuéshengétudiant
76%
réngens, personne
76%
工作gōngzuòtravailler, travail
76%
yǒuavoir
75%
mǎiacheter
74%
combien, plusieurs
73%
漂亮piàoliangjoli, beau
73%
什么shénmequoi
72%
niánannée
71%
学校xuéxiàoécole
70%
多少duōshaocombien
69%
boire
68%
怎么zěnmecomment
67%
水果shuǐguǒfruit
67%
zuòfaire
65%
汉语Hànyǔlangue chinoise
65%
xiěécrire
64%
yuèmois
64%
duōbeaucoup, très
63%
昨天zuótiānhier
63%
jour, soleil, date
63%
chaud, chaleur
62%
gǒuchien
62%
分钟fēnzhōngminute
61%
名字míngzinom
61%
不客气búkèqibienvenue, de rien
59%
同学tóngxuécamarade
59%
ne pas
59%
上午shàngwǔmatin
58%
东西dōngxichoses, trucs
57%
高兴gāoxìngheureux, content
57%
米饭mifànriz
57%
星期xīngqīsemaine
57%
dōutout
57%
火车站huǒchēzhàngare
56%
现在xiànzàimaintenant
56%
下午xiàwǔaprès-midi
55%
电影diànyǐngcinéma, film
55%
tīngécouter
55%
儿子érzifils
55%
54%
shéiqui
54%
睡觉shuìjiàodormir, aller dormir
53%
càiplat, légume, cusine
53%
衣服yīfuvêtements
53%
说话shuōhuàdire, parler, bavarder
52%
商店shāngdiànboutique, magasin
50%
diǎngoutte, heure, point
50%
lire, étudier
50%
méipas
50%
苹果píngguǒpomme
50%
电脑diànnǎoordinateur
48%
kànregarder
48%
zhùvivre, habiter à
48%
看见kànjiànvoir
48%
电视diànshìtélévision
47%
shǎopeu, un petit peu
46%
láivenir
46%
caractère, lettre
45%
huìpouvoir, être capable de
45%
椅子yǐzichaise
44%
认识rènshiconnaître, reconnaître, comprendre
44%
饭馆fànguǎnrestaurant
44%
出租车chūzūchētaxi
44%
飞机fēijīavion
43%
lěngfroid
42%
qiánmonnaie
42%
shàngau dessus, en haut
41%
打电话dǎdiànhuàtéléphoner
41%
中午zhōngwǔmidi
40%
桌子zhuōzitable
38%
huírevenir, répondre, retourner
36%
医院yīyuànhôpital
35%
杯子bēizitasse, verre
33%
医生yīshēngdocteur
32%
时候shíhoutemps, quand
32%
xiǎngpenser
31%
前面qiánmiàndevant, en avant
30%
下雨xiàyǔpleuvoir
30%
天气tiānqìtemps
30%
后面hòumiànarrière, derrière
27%
zuòs'asseoir
25%
先生xiānshengmonsieur
17%
xiàsous
17%
dedans
14%
kāiouvrir, commencer, allumer, bouillir
14%
小姐xiǎojiěmadame
13%
ceci
12%
qǐngs'il vous plait, demander, inviter, traiter
11%
xiēun peu
11%
tàiencore
7%
sept (7)
7%
怎么样zěnmeyàngque diriez-vous
6%
kuàipièce
5%
le(temps passé)
4%
běntome, origine, source
4%
喜欢xǐhuanadmirer
0%
没关系méiguānxiça ne fait rien
0%
shídix (10)
0%
néngêtre capable de
0%
degrain subordonné
0%
mamarqueur de question
0%
mesure du mot
0%
ne(proposition)
0%
wèisalut
0%
hěntrès calme
0%

Distribution des résultats

Percentile par nombre de réponses

% des personnes avec chaque résultat

Votre développement - résultats

Vous n’avez pas pris ce quiz depuis la dernière actualisation